Les cours d'eau et rivières de Haute-Savoie - Statistiques

Statistiques générales
  • Ce quiz a été pris 58 fois
  • Le résultat moyen est 7 sur 48
Statistiques - réponses
Longueur (km) Nom % Correct
107,8 Arve
91%
71,9 Fier
70%
53,7 Chéran
43%
46,5 Giffre
43%
49,3 Dranse
38%
21,6 Foron
38%
33,6 Borne
30%
32,1 Arly
26%
46,1 Les Usses
23%
3,5 Thiou
23%
24,2 Fillière
19%
29,8 Menoge
17%
17,8 Nom
17%
23,3 Bon Nant
15%
10,1 Sallanche
13%
22,1 Brevon
11%
23,7 Chaise
11%
26,4 Dranse de Morzine
11%
12,9 Bronze
9%
7,9 Morge
9%
11,7 Redon
9%
11,7 Ugine
9%
19,2 Aire
6%
4,5 Arveyron
6%
14,8 Diosaz
6%
18,0 Dranse d'Abondance
6%
17,6 Eau Morte
4%
6,5 Eau Noire de Chablais
4%
11,5 Eau Noire de Valais
4%
13,0 Hermance
4%
12,9 Ire
4%
9,9 Laudon
4%
10,9 Néphaz
4%
18,3 Risse
4%
7,4 Arande
2%
7,67 Bornette
2%
4,6 Champfroid
2%
8,44 Dadon
2%
16,1 Deysse
2%
8,9 Drize
2%
10,6 Giffre des Fonds
2%
14,3 Laire
2%
7,7 Malnant
2%
2,5 Barberine
0%
7,8 Clévieux
0%
5,6 Les Eparis
0%
9,0 Maravant
0%
17,6 Saint-Ruph
0%
Aucun quiz correspondant
Distribution des résultats
% des personnes avec chaque résultat
Percentile par nombre de réponses
Votre historique - résultats
Vous n’avez pas pris ce quiz